000 00649cam a2200229 4500500
005 20260329005301.0
041 _afre
042 _adc
100 1 0 _aDurand, Jean-Marie
_eauthor
245 0 0 _aLaisser être et rendre puissant
260 _c2023.
500 _a29
690 _aCamps
690 _aCommun
690 _aCompréhension
690 _aMétaphysique
690 _aObjet
690 _aPossibles
690 _aTristan Garcia
786 0 _nPhilosophie magazine | 167 | 2 | 2023-03-01 | p. 73-73 | 1951-1787
856 4 1 _uhttps://shs.cairn.info/magazine-philosophie-magazine-2023-2-page-73?lang=fr&redirect-ssocas=7080
999 _c1841964
_d1841964